00514nam a2200193 a 4500001001300000003000900013005001700022008004100039020001000080082001300090100001700103245006300120260004800183300000800231500003500239505001300274650001600287700001700303nice12345678IN_TiNIC20260116011427.0050524s1902 laha grp 000 0 urd  ac10000a239bMEN aMenro, James aKin Manon Men Qur`an Masihi Kutub Muqaddas Ka Mohafiz Hai. aLahorebPunjab Religious Booksociety c1902 a40p aincludes index and biblioraphy2 aArchives aApologetics1 aMenro, James